Outlines of perennial crop breeding in the Tropics
שמור ב:
| פורמט: | ספר |
|---|---|
| שפה: | Undetermined |
| יצא לאור: |
Wageningen
H. Weenman and Zonen
1969
|
| נושאים: | |
| תגים: |
הוספת תג
אין תגיות, היה/י הראשונ/ה לתייג את הרשומה!
|
| Thư viện lưu trữ: | Trung tâm Học liệu Trường Đại học Cần Thơ |
|---|
| LEADER | 00444nam a2200157Ia 4500 | ||
|---|---|---|---|
| 001 | CTU_12625 | ||
| 008 | 210402s9999 xx 000 0 und d | ||
| 082 | |a 631.530913 | ||
| 082 | |b O.94 | ||
| 245 | 0 | |a Outlines of perennial crop breeding in the Tropics | |
| 260 | |a Wageningen | ||
| 260 | |b H. Weenman and Zonen | ||
| 260 | |c 1969 | ||
| 650 | |a plant breeding | ||
| 904 | |i Minh, 961116 | ||
| 980 | |a Trung tâm Học liệu Trường Đại học Cần Thơ | ||